000 01206nam a2200325 a 4500
001 ebr10381114
003 CaPaEBR
006 m u
007 cr cn|||||||||
008 100528s2009 inua s 001 0 eng d
020 _z9780470521717
020 _z9780470637159 (e-book)
040 _aCaPaEBR
_cCaPaEBR
035 _a(OCoLC)647915533
050 1 4 _aQA76.9.C55
_bM33 2009eb
082 0 4 _a004.692
_222
100 1 _aMcBee, Jim.
245 1 0 _aMastering Microsoft Exchange server 2010
_h[electronic resource] /
_cJim McBee, David Elfassy.
260 _aIndianapolis, Ind. :
_bWiley Pub.,
_c2009.
300 _axxxv, 948 p. :
_bill.
500 _aIncludes index.
533 _aElectronic reproduction.
_bPalo Alto, Calif. :
_cebrary,
_d2010.
_nAvailable via World Wide Web.
_nAccess may be limited to ebrary affiliated libraries.
630 0 0 _aMicrosoft Exchange server.
650 0 _aClient/server computing.
650 0 _aElectronic mail systems.
655 7 _aElectronic books.
_2local
700 1 _aElfassy, David.
710 2 _aebrary, Inc.
856 4 0 _uhttp://site.ebrary.com/lib/rucke/Doc?id=10381114
_zAn electronic book accessible through the World Wide Web; click to view
999 _c206577
_d206577